[Event "CYCC U12"]
[Site "Windsor CAN"]
[Date "2016.07.08"]
[Round "6.61"]
[White "Liu, Harrison"]
[Black "Shi, David"]
[Result "0-1"]
[WhiteElo "1676"]
[BlackElo "1302"]
[PlyCount "132"]
[EventDate "2016.07.05"]
[EventType "swiss"]
[EventRounds "7"]
[EventCountry "CAN"]

1. e4 c5 2. Nf3 d6 3. d4 cxd4 4. Nxd4 Nf6 5. Nc3 e6 6. Bd3 a6 7. h3 Be7 8. Be3
O-O 9. Qd2 Nc6 10. Nde2 Ne5 11. f4 Nxd3+ 12. cxd3 b5 13. g4 b4 14. Na4 Rb8 15.
g5 Nh5 16. b3 d5 17. Nd4 Bd7 18. Qd1 g6 19. Ne2 Bxa4 20. bxa4 Qa5 21. Bd2 dxe4
22. Rg1 exd3 23. Ng3 Qc5 24. Rg2 Nxg3 25. Rxg3 Qc2 26. Qxc2 dxc2 27. Rc1 Rfc8
28. Rb3 Rc4 29. Ke2 Bd6 30. Kd3 Rbc8 31. Rb2 Bxf4 32. Bxf4 Rxf4 33. Rcxc2 Rxc2
34. Rxc2 Rf3+ 35. Ke4 Rxh3 36. Ke5 Rc3 37. Rb2 a5 38. Kf6 Rf3+ 39. Ke7 Kg7 40.
Rc2 Rc3 41. Rf2 Rc7+ 42. Kd6 Rb7 43. Kc6 Re7 44. Kd6 Kf8 45. Rc2 Re8 46. Rc5
Rd8+ 47. Ke5 Rd2 48. Rxa5 Rxa2 49. Ra7 b3 50. Kf6 Rf2+ 51. Ke5 Rf5+ 52. Kd4 Rb5
53. axb5 b2 54. b6 b1=Q 55. Kc5 Kg7 56. Kc6 Qe4+ 57. Kc7 Qe5+ 58. Kc8 Qc5+ 59.
Kb7 e5 60. Ka6 Qc6 61. Rc7 Qa4+ 62. Kb7 e4 63. Kb8 Qe8+ 64. Rc8 Qe5+ 65. Rc7 e3
66. b7 e2 0-1

[Event "CYCC U12"]
[Site "Windsor CAN"]
[Date "2016.07.08"]
[Round "6.63"]
[White "Damarla, Rishi"]
[Black "Du, Robert"]
[Result "1/2-1/2"]
[WhiteElo "932"]
[BlackElo "1383"]
[PlyCount "111"]
[EventDate "2016.07.05"]
[EventType "swiss"]
[EventRounds "7"]
[EventCountry "CAN"]

1. e4 c5 2. Nf3 Nc6 3. d4 cxd4 4. Nxd4 g6 5. Nc3 Bg7 6. Nxc6 bxc6 7. Bc4 d6 8.
Be3 Bd7 9. O-O Nf6 10. f3 O-O 11. Qd2 c5 12. Rad1 Rb8 13. Rb1 Bc6 14. Rfd1 Qc7
15. Kh1 Rfd8 16. Bf4 Nh5 17. Be3 Rd7 18. Bb3 a5 19. a4 Nf6 20. Bf4 Qb7 21. Qe2
Qb4 22. Qc4 Qxc4 23. Bxc4 Rb4 24. Bb3 c4 25. Ba2 Bxa4 26. Nxa4 Rxa4 27. Ra1 Nh5
28. Bc1 Rb7 29. c3 Nf6 30. Rd4 Nd7 31. Rxc4 Rxc4 32. Bxc4 Ra7 33. Be3 Rb7 34.
Bc1 Ra7 35. Be3 Nc5 36. b4 Bxc3 37. Bxc5 dxc5 38. Rxa5 Rxa5 39. bxa5 Bxa5 40.
Kg1 Kf8 41. Kf2 f6 42. Bb5 e5 43. Ke3 Ke7 44. Kd3 Bb4 45. Kc4 Kd6 46. Kd3 Ke6
47. Bc4+ Kd6 48. Bb5 g5 49. h3 h5 50. g3 Kc7 51. Kc4 Kd6 52. Kd3 h4 53. g4 Ba3
54. Kc4 Bb4 55. Kd3 Kc7 56. Kc4 1/2-1/2

[Event "CYCC U12"]
[Site "Windsor CAN"]
[Date "2016.07.08"]
[Round "6.65"]
[White "Cyrenne, Cole"]
[Black "Kilroy, Sheldon"]
[Result "1-0"]
[WhiteElo "640"]
[BlackElo "1034"]
[PlyCount "51"]
[EventDate "2016.07.05"]
[EventType "swiss"]
[EventRounds "7"]
[EventCountry "CAN"]

1. d4 d5 2. c4 Nf6 3. Nc3 g6 4. Bg5 Bg7 5. Bxf6 Bxf6 6. Nxd5 Be6 7. Nxf6+ exf6
8. e3 O-O 9. Nf3 Bg4 10. Be2 Re8 11. h3 Bf5 12. O-O Nd7 13. Qb3 Be4 14. Rad1
Qe7 15. Rfe1 c5 16. d5 Ne5 17. Nxe5 fxe5 18. Bd3 Bxd3 19. Rxd3 e4 20. Rd2 a6
21. Red1 Qd6 22. Qxb7 Rab8 23. Qc6 Qxc6 24. dxc6 Rb6 25. c7 Rc8 26. Rd8+ 1-0

[Event "CYCC U12"]
[Site "Windsor CAN"]
[Date "2016.07.08"]
[Round "6.66"]
[White "Xiang, Christopher"]
[Black "Renard, Christopher"]
[Result "1-0"]
[WhiteElo "1007"]
[BlackElo "799"]
[PlyCount "37"]
[EventDate "2016.07.05"]
[EventType "swiss"]
[EventRounds "7"]
[EventCountry "CAN"]

1. e4 e5 2. d4 exd4 3. c3 dxc3 4. Bc4 cxb2 5. Bxb2 Nf6 6. e5 Qe7 7. Qe2 Ng8 8.
Nf3 d6 9. O-O Bg4 10. Qe4 Bxf3 11. Qxf3 Nc6 12. exd6 Qxd6 13. Qxf7+ Kd8 14. Ba3
Nb4 15. Qf3 Qe7 16. Qxb7 Rc8 17. Rd1+ Ke8 18. Qxc8+ Qd8 19. Qxd8# 1-0

[Event "CYCC U12"]
[Site "Windsor CAN"]
[Date "2016.07.08"]
[Round "6.67"]
[White "Ladhani, Kiyan"]
[Black "Rawal, Aahaan"]
[Result "1/2-1/2"]
[WhiteElo "874"]
[BlackElo "963"]
[PlyCount "150"]
[EventDate "2016.07.05"]
[EventType "swiss"]
[EventRounds "7"]
[EventCountry "CAN"]

1. e4 c5 2. Nf3 d6 3. c3 Nc6 4. Bb5 Bg4 5. Bxc6+ bxc6 6. d4 cxd4 7. cxd4 d5 8.
e5 e6 9. h3 Bh5 10. Nbd2 Bb4 11. Qc2 Qc7 12. O-O Ne7 13. Ng5 Bg6 14. Qa4 Bxd2
15. Bxd2 O-O 16. Bb4 Rfe8 17. Rac1 Rac8 18. Rc3 Qb6 19. Rd1 a6 20. Rb3 Bc2 21.
Rdd3 Bxd3 22. Rxd3 Qb5 23. Qb3 a5 24. Bxe7 Qxb3 25. Rxb3 Rxe7 26. Rb6 h6 27.
Nf3 c5 28. Ra6 cxd4 29. Nxd4 Rc4 30. Nc6 Rb7 31. Nxa5 Ra4 32. b3 Rxa2 33. Nxb7
Rxa6 34. Nc5 Rc6 35. b4 f6 36. Nd7 d4 37. Kf1 d3 38. Ke1 Kf7 39. Kd2 Rc8 40.
exf6 gxf6 41. b5 Rd8 42. Nc5 Rd5 43. Nxd3 Rxb5 44. Nf4 Rf5 45. Ke3 e5 46. Nd5
Ke6 47. Nc7+ Kd7 48. Nb5 Rf4 49. Nc3 Ke6 50. g3 Rb4 51. Ne2 Kf5 52. g4+ Kg5 53.
Kf3 Rb3+ 54. Kg2 h5 55. gxh5 Kxh5 56. Ng3+ Kg5 57. Ne4+ Kf5 58. Nd6+ Kf4 59.
Nc4 f5 60. h4 Kg4 61. f3+ Kxh4 62. Nxe5 Rb2+ 63. Kf1 Kg3 64. Nd3 Rb3 65. Ne1
Rxf3+ 66. Nxf3 Kxf3 67. Kg1 f4 68. Kf1 Kg3 69. Kg1 f3 70. Kf1 Kg4 71. Kf2 Kf4
72. Kf1 Kg4 73. Kf2 Kf4 74. Kf1 Ke3 75. Ke1 f2+ 1/2-1/2

[Event "CYCC U12"]
[Site "Windsor CAN"]
[Date "2016.07.08"]
[Round "6.69"]
[White "Wang, Terry"]
[Black "Xing, Kun"]
[Result "1/2-1/2"]
[WhiteElo "893"]
[BlackElo "905"]
[PlyCount "45"]
[EventDate "2016.07.05"]
[EventType "swiss"]
[EventRounds "7"]
[EventCountry "CAN"]

1. e4 e5 2. Nf3 Nc6 3. Bc4 Bc5 4. c3 d6 5. d4 Bb6 6. d5 Nce7 7. h3 Nf6 8. Bd3
h6 9. O-O O-O 10. Be3 Bd7 11. Nbd2 c6 12. c4 cxd5 13. exd5 Qc7 14. b3 Bc5 15.
Ne4 Nxe4 16. Bxe4 Nf5 17. Qd3 Nxe3 18. fxe3 Qd8 19. Rab1 Qf6 20. a4 a5 21. Rfe1
Ra7 22. Nd2 Qe7 23. Qc2 1/2-1/2

[Event "CYCC U12"]
[Site "Windsor CAN"]
[Date "2016.07.08"]
[Round "6.70"]
[White "Chakkoli, Anirud"]
[Black "Asemota, Eghosa"]
[Result "1-0"]
[WhiteElo "747"]
[BlackElo "782"]
[PlyCount "129"]
[EventDate "2016.07.05"]
[EventType "swiss"]
[EventRounds "7"]
[EventCountry "CAN"]

1. d4 d5 2. c4 c6 3. Nc3 Nf6 4. e3 e6 5. g3 g6 6. Bg2 Bg7 7. Nf3 O-O 8. O-O
dxc4 9. b3 cxb3 10. axb3 Nbd7 11. Ba3 Re8 12. Re1 b6 13. e4 e5 14. b4 exd4 15.
Nxd4 Nh5 16. Nce2 c5 17. bxc5 bxc5 18. e5 cxd4 19. Bxa8 Bxe5 20. Rb1 Nb6 21.
Bc6 Bd7 22. Bf3 Ba4 23. Qd3 Bd6 24. Bxh5 gxh5 25. Bxd6 Qxd6 26. Nxd4 Rxe1+ 27.
Rxe1 a6 28. Re4 Bb5 29. Qb3 Bc4 30. Re8+ Kg7 31. Nf5+ Kf6 32. Nxd6 Bxb3 33.
Ne4+ Kf5 34. Nc5 Bc4 35. f4 Bb5 36. Re5+ Kg4 37. Rg5+ Kf3 38. Rxh5 a5 39. Nb7
a4 40. Rxb5 a3 41. Rxb6 a2 42. Ra6 a1=Q+ 43. Rxa1 f5 44. Ra3+ Kg4 45. Ra7 h5
46. Nd6 Kh3 47. Nxf5 h4 48. Nxh4 Kg4 49. f5 Kg5 50. Rg7+ Kf6 51. Rg6+ Kf7 52.
f6 Kf8 53. f7 Ke7 54. Rg7 Kf8 55. Rh7 Ke7 56. Ng6+ Kf6 57. f8=Q+ Kxg6 58. Qh6+
Kf5 59. Qh5+ Ke4 60. Kf2 Kd3 61. Rd7+ Kc2 62. Qd1+ Kb2 63. Rb7+ Ka2 64. Qb1+
Ka3 65. Ra7# 1-0

[Event "CYCC U12"]
[Site "Windsor CAN"]
[Date "2016.07.08"]
[Round "7.49"]
[White "Huang, Qiuyu"]
[Black "England, Max"]
[Result "1/2-1/2"]
[WhiteElo "2102"]
[BlackElo "1922"]
[PlyCount "63"]
[EventDate "2016.07.05"]
[EventType "swiss"]
[EventRounds "7"]
[EventCountry "CAN"]

1. e4 e5 2. Nf3 Nc6 3. Bc4 Bc5 4. d3 Nf6 5. c3 d6 6. Bb3 a6 7. Nbd2 O-O 8. O-O
Ba7 9. h3 d5 10. Qe2 Re8 11. Rd1 h6 12. exd5 Nxd5 13. Ne4 Bf5 14. Bxd5 Qxd5 15.
Bxh6 Qb5 16. Bc1 Rad8 17. a4 Qd5 18. Bg5 Rd7 19. Nh4 Qe6 20. Qf3 Bg6 21. Be3
Bxe3 22. Qxe3 Bxe4 23. Qxe4 Red8 24. Nf3 f6 25. h4 Qb3 26. Rd2 Na5 27. Qe2 c5
28. Qe3 Qe6 29. Re1 Nb3 30. Rdd1 Qc6 31. g4 Qxa4 32. g5 1/2-1/2

[Event "CYCC U12"]
[Site "Windsor CAN"]
[Date "2016.07.08"]
[Round "7.52"]
[White "Zhao, Ian"]
[Black "Lin, Benjamin"]
[Result "1-0"]
[WhiteElo "1715"]
[BlackElo "1911"]
[PlyCount "71"]
[EventDate "2016.07.05"]
[EventType "swiss"]
[EventRounds "7"]
[EventCountry "CAN"]

1. e4 c5 2. c3 d5 3. exd5 Qxd5 4. d4 cxd4 5. cxd4 Nc6 6. Nf3 Bg4 7. Be2 Nf6 8.
Nc3 Qd7 9. d5 Bxf3 10. gxf3 Qc7 11. dxc6 Rd8 12. Qa4 bxc6 13. Be3 a5 14. Rc1 e6
15. Ne4 Nxe4 16. fxe4 Bb4+ 17. Kf1 O-O 18. Qxc6 Qe5 19. Qc2 f5 20. exf5 Rxf5
21. Kg1 Qf6 22. a3 Be1 23. Bg4 Qg6 24. Kf1 Qxg4 25. Kxe1 Qf3 26. Rg1 Re5 27.
Rxg7+ Kf8 28. Rg3 Rxe3+ 29. fxe3 Qh1+ 30. Kf2 Qxh2+ 31. Rg2 Qh4+ 32. Kg1 Qh6
33. Rf1+ Ke8 34. Qf2 Ke7 35. Qf7+ Kd6 36. Rd2+ 1-0

[Event "CYCC U12"]
[Site "Windsor CAN"]
[Date "2016.07.08"]
[Round "7.53"]
[White "Mah, Sean"]
[Black "Hemstapat, Andrew"]
[Result "0-1"]
[WhiteElo "1589"]
[BlackElo "1883"]
[PlyCount "68"]
[EventDate "2016.07.05"]
[EventType "swiss"]
[EventRounds "7"]
[EventCountry "CAN"]

1. e4 e6 2. d4 d5 3. e5 c5 4. c3 Nc6 5. Nf3 Bd7 6. a3 c4 7. Nbd2 Na5 8. b3 cxb3
9. Nxb3 Ba4 10. Rb1 Nxb3 11. Rxb3 Bxb3 12. Qxb3 Qb6 13. Bb5+ Kd8 14. Ng5 Nh6
15. Qa4 Be7 16. Nf3 a6 17. Bd3 Qc6 18. Qb3 Rc8 19. Bd2 Nf5 20. O-O Kd7 21. Rc1
b5 22. Ng5 f6 23. Nf3 Rhg8 24. Re1 g5 25. h3 g4 26. hxg4 Rxg4 27. Bxf5 exf5 28.
Qc2 Rcg8 29. g3 Re4 30. Ra1 f4 31. Be1 Qe6 32. Nd2 Qh3 33. Nxe4 f3 34. Qd3 Qg2#
0-1

[Event "CYCC U12"]
[Site "Windsor CAN"]
[Date "2016.07.08"]
[Round "7.54"]
[White "Wu, Tony (Dongze)"]
[Black "Washimkar, Arhant"]
[Result "0-1"]
[WhiteElo "1769"]
[BlackElo "1569"]
[PlyCount "128"]
[EventDate "2016.07.05"]
[EventType "swiss"]
[EventRounds "7"]
[EventCountry "CAN"]

1. d4 Nf6 2. Nf3 d5 3. g3 g6 4. Bg2 Bg7 5. O-O O-O 6. c4 c6 7. Nc3 Bf5 8. Qb3
Qb6 9. cxd5 Qxb3 10. axb3 Nxd5 11. Re1 Nb4 12. Ra4 a5 13. e4 Bg4 14. Rf1 b5 15.
Ra1 Nc2 16. Ra2 Bxf3 17. Bxf3 Nxd4 18. Bd1 Nd7 19. Ne2 Nxe2+ 20. Bxe2 Nc5 21.
Bd1 Nd3 22. Bg5 Nb4 23. Ra1 Bxb2 24. Rb1 Bf6 25. Be3 Rad8 26. Bb6 Ra8 27. f4 e6
28. Bf3 Ra6 29. Bc5 Rd8 30. e5 Bg7 31. Rfd1 Nd5 32. Rbc1 Bf8 33. Rc2 Bxc5+ 34.
Rxc5 Rb8 35. Rdc1 Rbb6 36. Be2 Kf8 37. Bf3 Ke7 38. Bxd5 exd5 39. g4 a4 40. h3
axb3 41. Rb1 Ra3 42. Rc3 b4 43. Rcxb3 Rxb3 44. Rxb3 c5 45. Kf2 c4 46. Rb1 b3
47. Ke3 c3 48. Kd3 d4 49. h4 Rc6 50. Rxb3 c2 51. Rb7+ Kd8 52. Rb8+ Kc7 53. Rf8
c1=Q 54. Rxf7+ Kb6 55. Kxd4 Qc4+ 56. Ke3 Qxf7 57. f5 gxf5 58. gxf5 Qxf5 59. h5
Qxe5+ 60. Kd3 Rd6+ 61. Kc4 Qc5+ 62. Kb3 Kc7 63. Ka4 Rb6 64. h6 Qb4# 0-1

[Event "CYCC U12"]
[Site "Windsor CAN"]
[Date "2016.07.08"]
[Round "7.55"]
[White "Zhao, Jonathan"]
[Black "Du, Daniel"]
[Result "1/2-1/2"]
[WhiteElo "1585"]
[BlackElo "1656"]
[PlyCount "91"]
[EventDate "2016.07.05"]
[EventType "swiss"]
[EventRounds "7"]
[EventCountry "CAN"]

1. d4 d5 2. Nf3 Nf6 3. e3 e6 4. Bd3 c5 5. b3 b6 6. Bb2 Bb7 7. Nbd2 Nbd7 8. O-O
Qc7 9. Ne5 Bd6 10. f4 Bxe5 11. fxe5 Ne4 12. Qf3 O-O 13. Nxe4 dxe4 14. Bxe4 Bxe4
15. Qxe4 cxd4 16. exd4 Rac8 17. c4 Rfe8 18. Qf3 Nf8 19. Rac1 Qd7 20. Qe4 Red8
21. Rf2 Ng6 22. Rcf1 Rf8 23. Rf3 Rcd8 24. Qe1 Qe7 25. Qe4 h6 26. Re3 Rfe8 27.
Rfe1 Qd7 28. Rd3 Qc7 29. Rdd1 Ne7 30. d5 exd5 31. cxd5 Qc5+ 32. Qe3 Qxe3+ 33.
Rxe3 Rxd5 34. Red3 Rxd3 35. Rxd3 Nc6 36. Rd7 a5 37. Rb7 Nxe5 38. Bxe5 Rxe5 39.
Rxb6 Re2 40. Rb8+ Kh7 41. a4 Rb2 42. Rb5 Kg6 43. h3 Kf6 44. Kh2 g5 45. Kg3 Ke6
46. Kh2 1/2-1/2

[Event "CYCC U12"]
[Site "Windsor CAN"]
[Date "2016.07.08"]
[Round "7.56"]
[White "Li, Jack"]
[Black "Tanaka, Tyler"]
[Result "1-0"]
[WhiteElo "1546"]
[BlackElo "1583"]
[PlyCount "100"]
[EventDate "2016.07.05"]
[EventType "swiss"]
[EventRounds "7"]
[EventCountry "CAN"]

1. e4 c5 2. c3 d5 3. exd5 Qxd5 4. d4 Nf6 5. Nf3 Bg4 6. Be2 e6 7. h3 Bxf3 8.
Bxf3 Qd7 9. dxc5 Nc6 10. Qxd7+ Nxd7 11. b4 a5 12. b5 Nce5 13. Bxb7 Rb8 14. c6
Nb6 15. Be3 Bc5 16. Ke2 Bxe3 17. fxe3 Kd8 18. Rd1+ Kc7 19. Nd2 Ned7 20. Ne4 f5
21. cxd7 fxe4 22. Bc6 Rhd8 23. a4 Nxd7 24. Rxd7+ Rxd7 25. Bxd7 Kxd7 26. Rd1+
Ke7 27. Rd4 Rc8 28. Kd2 Rf8 29. Rxe4 Rf2+ 30. Kd3 Rxg2 31. Rg4 Rxg4 32. hxg4 h6
33. Ke4 Kd6 34. c4 g6 35. Kf4 e5+ 36. Ke4 Ke6 37. c5 h5 38. gxh5 gxh5 39. Kf3
Kd5 40. b6 Kc6 41. Kg3 Kb7 42. Kh4 e4 43. Kxh5 Ka6 44. Kg5 Kb7 45. Kf5 Kc6 46.
Kxe4 Kxc5 47. b7 Kb6 48. b8=Q+ Ka6 49. Qb5+ Ka7 50. Kd5 Ka8 1-0

[Event "CYCC U12"]
[Site "Windsor CAN"]
[Date "2016.07.08"]
[Round "7.57"]
[White "Shi, David"]
[Black "Shi, William"]
[Result "0-1"]
[WhiteElo "1302"]
[BlackElo "1723"]
[PlyCount "54"]
[EventDate "2016.07.05"]
[EventType "swiss"]
[EventRounds "7"]
[EventCountry "CAN"]

1. e4 c5 2. Nf3 e6 3. d4 cxd4 4. Nxd4 Nc6 5. Be3 Nf6 6. Nc3 Bb4 7. Qd2 Nxe4 8.
Nxc6 bxc6 9. Bd3 Nxd2 10. Bxd2 Bxc3 11. Bxc3 O-O 12. O-O-O a5 13. g4 a4 14. a3
Ba6 15. Be4 Be2 16. Rd6 Bb5 17. Rhd1 Ra7 18. f4 Be2 19. R1d2 Bxg4 20. Rg2 f5
21. Bxc6 Qb8 22. Be5 dxc6 23. Rd7 Qa8 24. Rxa7 Qxa7 25. h3 Qe3+ 26. Rd2 Qe1+
27. Rd1 Qxd1# 0-1

[Event "CYCC U12"]
[Site "Windsor CAN"]
[Date "2016.07.08"]
[Round "7.58"]
[White "Richard, Leo"]
[Black "Chen, Harry"]
[Result "0-1"]
[WhiteElo "1423"]
[BlackElo "1505"]
[PlyCount "140"]
[EventDate "2016.07.05"]
[EventType "swiss"]
[EventRounds "7"]
[EventCountry "CAN"]

1. e4 e5 2. Nf3 Nc6 3. Bb5 a6 4. Ba4 Nf6 5. O-O Be7 6. Re1 b5 7. Bb3 d6 8. a4
b4 9. d3 O-O 10. Nbd2 Na5 11. Ba2 c5 12. Nc4 Nc6 13. Ne3 Be6 14. Bc4 Na5 15.
Qe2 Nxc4 16. dxc4 Nxe4 17. Qd3 Nf6 18. Ng5 h6 19. Nxe6 fxe6 20. Nf1 Qe8 21. Qg3
Qf7 22. f3 Nh5 23. Qg4 Kh8 24. f4 Nxf4 25. Bxf4 Qxf4 26. Qxe6 Qf6 27. Qxf6 Rxf6
28. Ng3 Raf8 29. Re2 a5 30. Rd1 g6 31. Red2 Rf4 32. b3 h5 33. Ne2 R4f7 34. Ng3
Rf4 35. Ne2 Re4 36. Ng3 Rd4 37. Rxd4 exd4 38. Rd3 Bf6 39. Ne4 Be5 40. g3 Kg7
41. Kg2 Rf7 42. Kg1 Kf8 43. Kg2 Ke7 44. h3 Kd7 45. Kg1 Kc6 46. Kg2 d5 47. cxd5+
Kxd5 48. Nd2 g5 49. Kg1 h4 50. g4 Bf4 51. Nc4 Bg3 52. Ne3+ Ke4 53. Nf5 Rc7 54.
Nxg3+ hxg3 55. Rxg3 c4 56. bxc4 Rxc4 57. Rg2 Rc3 58. Kh2 Ra3 59. h4 gxh4 60. g5
Rc3 61. g6 Rc8 62. g7 Rg8 63. Kh3 d3 64. Kxh4 dxc2 65. Rxc2 Rxg7 66. Rc5 Ra7
67. Kg3 Kd4 68. Rc1 b3 69. Kf3 b2 70. Rh1 Rb7 0-1

[Event "CYCC U12"]
[Site "Windsor CAN"]
[Date "2016.07.08"]
[Round "7.59"]
[White "Mirabelli, Aidan"]
[Black "Wang, Jerry"]
[Result "1-0"]
[WhiteElo "1457"]
[BlackElo "1014"]
[PlyCount "95"]
[EventDate "2016.07.05"]
[EventType "swiss"]
[EventRounds "7"]
[EventCountry "CAN"]

1. e4 e5 2. Nf3 Nc6 3. Bc4 Nf6 4. d4 exd4 5. O-O Bc5 6. e5 Ng4 7. Bf4 d6 8.
exd6 Bxd6 9. Re1+ Be7 10. h3 Nf6 11. c3 O-O 12. cxd4 Bb4 13. Nc3 Nd5 14. Bxd5
Bxc3 15. bxc3 Qxd5 16. Bxc7 Be6 17. Bf4 Rac8 18. Ng5 Bf5 19. Qb3 Qxb3 20. axb3
h6 21. Ne4 Bxe4 22. Rxe4 f5 23. Re3 a6 24. b4 g5 25. Bd6 Rfe8 26. Rae1 Kf7 27.
d5 Na7 28. Re7+ Rxe7 29. Rxe7+ Kf6 30. Rxb7 Nb5 31. Bc5 Nxc3 32. Bd4+ Kg6 33.
Rb6+ Kh7 34. Bxc3 Rxc3 35. Rxa6 Kg7 36. b5 Rb3 37. b6 Kf6 38. b7+ Ke7 39. Rxh6
Kd7 40. Rh8 Rxb7 41. Rh7+ Kc8 42. Rxb7 Kxb7 43. f4 Kc7 44. fxg5 Kd6 45. g6 Ke7
46. g7 Kf7 47. d6 Kxg7 48. d7 1-0

[Event "CYCC U12"]
[Site "Windsor CAN"]
[Date "2016.07.08"]
[Round "7.60"]
[White "Chung, Leo"]
[Black "Chen, Hao"]
[Result "1-0"]
[WhiteElo "1111"]
[BlackElo "1296"]
[PlyCount "117"]
[EventDate "2016.07.05"]
[EventType "swiss"]
[EventRounds "7"]
[EventCountry "CAN"]

1. Nf3 Nc6 2. g3 Nf6 3. Bg2 d5 4. d3 e5 5. Nbd2 Bd6 6. O-O O-O 7. c3 Bg4 8. h3
Bf5 9. Re1 Qd7 10. Kh2 e4 11. dxe4 Nxe4 12. Nxe4 dxe4 13. Nh4 Rfe8 14. Nxf5
Qxf5 15. Kg1 Rad8 16. Qa4 h6 17. Be3 a6 18. Rad1 Ra8 19. Qc2 Qg6 20. Qb1 f5 21.
Rd2 Re7 22. Red1 Rae8 23. Qc2 Qf7 24. Qb3 Qxb3 25. axb3 Rf8 26. b4 f4 27. gxf4
Bxf4 28. Bc5 Bxd2 29. Bxe7 Nxe7 30. Rxd2 Nc6 31. Bxe4 Rd8 32. Rxd8+ Nxd8 33.
Kg2 b6 34. h4 a5 35. bxa5 bxa5 36. f4 Kf8 37. Kf3 Ke7 38. Bd5 Kf6 39. e4 c6 40.
e5+ Ke7 41. Be4 c5 42. Ke3 Ne6 43. Bc2 Kd7 44. Bf5 Ke7 45. Bxe6 Kxe6 46. Ke4 g6
47. c4 h5 48. b3 Kf7 49. Kd5 Ke7 50. e6 Ke8 51. Kxc5 Ke7 52. Kd5 Ke8 53. Kd6
Kd8 54. e7+ Ke8 55. c5 g5 56. fxg5 a4 57. bxa4 Kf7 58. Kd7 Kg6 59. c6 1-0

[Event "CYCC U12"]
[Site "Windsor CAN"]
[Date "2016.07.08"]
[Round "7.61"]
[White "Makarczyk, David"]
[Black "Xiang, Christopher"]
[Result "1-0"]
[WhiteElo "1215"]
[BlackElo "1007"]
[PlyCount "57"]
[EventDate "2016.07.05"]
[EventType "swiss"]
[EventRounds "7"]
[EventCountry "CAN"]

1. e4 c5 2. c3 Nf6 3. e5 Nd5 4. d4 cxd4 5. cxd4 d6 6. Nf3 Nc6 7. Bc4 Nb6 8. Bb5
Bd7 9. exd6 exd6 10. O-O Be7 11. Nc3 O-O 12. Re1 Re8 13. Bf4 a6 14. Bd3 Bg4 15.
Be2 d5 16. Ne5 Bxe2 17. Rxe2 Nxe5 18. Bxe5 Bd6 19. Bxd6 Qxd6 20. b3 Rxe2 21.
Qxe2 Rc8 22. Qe3 Qc6 23. Rc1 Nd7 24. Ne2 Qxc1+ 25. Nxc1 Nf6 26. f3 Re8 27. Qc3
Kf8 28. Kf2 Ke7 29. Qc7+ 1-0

[Event "CYCC U12"]
[Site "Windsor CAN"]
[Date "2016.07.08"]
[Round "7.62"]
[White "Cloutier, Simon"]
[Black "Cyrenne, Cole"]
[Result "0-1"]
[WhiteElo "1167"]
[BlackElo "640"]
[PlyCount "42"]
[EventDate "2016.07.05"]
[EventType "swiss"]
[EventRounds "7"]
[EventCountry "CAN"]

1. e4 c5 2. Nf3 e6 3. d4 d5 4. e5 Nc6 5. c3 Bd7 6. Be2 c4 7. O-O Nge7 8. Bg5 h6
9. Bh4 Qb6 10. b3 cxb3 11. axb3 Na5 12. b4 Nc4 13. Bxc4 dxc4 14. Na3 Nd5 15.
Nd2 Rc8 16. Qc2 Bb5 17. Nxb5 Qxb5 18. Rxa7 Nf4 19. Ne4 Qc6 20. Rfa1 f5 21. Nc5
Qxg2# 0-1

[Event "CYCC U12"]
[Site "Windsor CAN"]
[Date "2016.07.08"]
[Round "7.63"]
[White "Du, Robert"]
[Black "Ladhani, Kiyan"]
[Result "0-1"]
[WhiteElo "1383"]
[BlackElo "874"]
[PlyCount "96"]
[EventDate "2016.07.05"]
[EventType "swiss"]
[EventRounds "7"]
[EventCountry "CAN"]

1. e4 e5 2. Nf3 Nc6 3. Bc4 Nd4 4. c3 Nxf3+ 5. Qxf3 Qf6 6. Qxf6 Nxf6 7. d3 Bc5
8. h3 d6 9. O-O h6 10. Be3 Bxe3 11. fxe3 O-O 12. Nd2 c6 13. Rad1 b5 14. Bb3 Bb7
15. Nf3 Rae8 16. Rfe1 d5 17. exd5 cxd5 18. d4 e4 19. Nd2 a5 20. Bc2 a4 21. b3
Rc8 22. bxa4 Rxc3 23. Bb3 Bc6 24. Nb1 Rd3 25. Rxd3 exd3 26. axb5 Bxb5 27. Nc3
Bc4 28. Rd1 Bxb3 29. axb3 Rb8 30. Rb1 d2 31. Kf2 Rc8 32. Ne2 Ne4+ 33. Kf3 Rb8
34. b4 Rxb4 35. Rd1 g5 36. g4 Kg7 37. Ng3 Nxg3 38. Kxg3 Rb3 39. Kf3 Rb2 40. Ke2
Kg6 41. Rxd2 Rxd2+ 42. Kxd2 f5 43. Ke2 fxg4 44. hxg4 h5 45. Kf3 hxg4+ 46. Kxg4
Kf6 47. Kg3 Kf5 48. Kf3 g4+ 0-1

[Event "CYCC U12"]
[Site "Windsor CAN"]
[Date "2016.07.08"]
[Round "7.64"]
[White "Wang, Kevin"]
[Black "Damarla, Rishi"]
[Result "1/2-1/2"]
[WhiteElo "1034"]
[BlackElo "932"]
[PlyCount "49"]
[EventDate "2016.07.05"]
[EventType "swiss"]
[EventRounds "7"]
[EventCountry "CAN"]

1. d4 d5 2. c4 e6 3. Nf3 Nf6 4. Nc3 Be7 5. e3 O-O 6. Bd2 Nc6 7. cxd5 exd5 8. a3
Bg4 9. Be2 Qd7 10. Ne5 Nxe5 11. dxe5 Bxe2 12. Qxe2 Ne8 13. O-O c6 14. Rfd1 Nc7
15. Be1 Rad8 16. e4 Qc8 17. exd5 cxd5 18. Rac1 Qb8 19. Qf3 d4 20. Ne2 f6 21.
exf6 Bxf6 22. Qg3 Ne6 23. Qb3 Rfe8 24. Rc4 Kh8 25. Rc2 1/2-1/2

[Event "CYCC U12"]
[Site "Windsor CAN"]
[Date "2016.07.08"]
[Round "7.66"]
[White "Kilroy, Sheldon"]
[Black "Liu, Harrison"]
[Result "0-1"]
[WhiteElo "1034"]
[BlackElo "1676"]
[PlyCount "56"]
[EventDate "2016.07.05"]
[EventType "swiss"]
[EventRounds "7"]
[EventCountry "CAN"]

1. e4 Nf6 2. Nc3 g6 3. d4 d6 4. Nf3 Nc6 5. Bb5 Bg4 6. O-O a6 7. Bc4 Bg7 8. Bd5
Nxd5 9. exd5 Nxd4 10. Be3 Nxf3+ 11. gxf3 Bh3 12. Bd4 O-O 13. Bxg7 Kxg7 14. Qd4+
Kg8 15. Qh4 Bxf1 16. Rxf1 e6 17. Qb4 Qf6 18. dxe6 Qxe6 19. Qxb7 Rab8 20. Qxa6
Rxb2 21. Qa5 Rxc2 22. Nd5 Rc5 23. Nxc7 Rxa5 24. Nxe6 fxe6 25. Re1 Rxf3 26. Rxe6
Rxa2 27. Re8+ Kf7 28. Rb8 Rfxf2 0-1

[Event "CYCC U12"]
[Site "Windsor CAN"]
[Date "2016.07.08"]
[Round "7.68"]
[White "Xing, Kun"]
[Black "Chakkoli, Anirud"]
[Result "1-0"]
[WhiteElo "905"]
[BlackElo "747"]
[PlyCount "73"]
[EventDate "2016.07.05"]
[EventType "swiss"]
[EventRounds "7"]
[EventCountry "CAN"]

1. e4 c5 2. Nf3 d6 3. d4 cxd4 4. Nxd4 Nf6 5. Nc3 a6 6. Bc4 e6 7. Nf3 g6 8. O-O
Bg7 9. e5 Nfd7 10. exd6 O-O 11. Qe1 Re8 12. Be3 Nc6 13. a3 Nde5 14. Nxe5 Nxe5
15. Bb3 b6 16. Rd1 Bb7 17. f3 Nc6 18. Na4 Qf6 19. c3 e5 20. d7 Re6 21. Bxe6
Qxe6 22. Bxb6 Nd8 23. Bxd8 Rxd8 24. Nc5 Qb6 25. b4 Bc6 26. Rf2 a5 27. Rdd2 e4
28. fxe4 Bxc3 29. e5 Bxd2 30. Qxd2 Rxd7 31. Qe2 Rd1+ 32. Qxd1 axb4 33. axb4
Qxb4 34. Qd8+ Kg7 35. Qf6+ Kf8 36. Ne6+ Ke8 37. Qd8# 1-0

[Event "CYCC U12"]
[Site "Windsor CAN"]
[Date "2016.07.08"]
[Round "7.69"]
[White "Renard, Christopher"]
[Black "Wang, Terry"]
[Result "0-1"]
[WhiteElo "799"]
[BlackElo "893"]
[PlyCount "32"]
[EventDate "2016.07.05"]
[EventType "swiss"]
[EventRounds "7"]
[EventCountry "CAN"]

1. e4 e5 2. Bc4 Nf6 3. Nc3 Nc6 4. Nf3 Nxe4 5. Bxf7+ Ke7 6. Nxe4 Kxf7 7. d4 Bd6
8. Nfg5+ Ke8 9. Qf3 Qe7 10. Nxd6+ cxd6 11. dxe5 Nd4 12. Qd3 Qxe5+ 13. Be3 h6
14. Qg6+ Ke7 15. O-O hxg5 16. Bxd4 Qxh2# 0-1

[Event "CYCC U12"]
[Site "Windsor CAN"]
[Date "2016.07.08"]
[Round "7.71"]
[White "Asemota, Eghosa"]
[Black "Rivard, Jacob"]
[Result "1-0"]
[WhiteElo "782"]
[BlackElo "1080"]
[PlyCount "47"]
[EventDate "2016.07.05"]
[EventType "swiss"]
[EventRounds "7"]
[EventCountry "CAN"]

1. e4 e5 2. Nf3 Nc6 3. Nc3 Bb4 4. d3 Nf6 5. Bg5 d6 6. Bxf6 Qxf6 7. a3 Bxc3+ 8.
bxc3 Bg4 9. h3 Be6 10. Be2 a6 11. O-O h6 12. d4 exd4 13. cxd4 Rd8 14. d5 Na5
15. dxe6 fxe6 16. Qd4 Qe7 17. Qa4+ c6 18. Qxa5 d5 19. exd5 exd5 20. Bd3 d4 21.
Rfe1 Qxe1+ 22. Rxe1+ Kd7 23. Bf5+ Kd6 24. Qe5# 1-0